000 00459nmm a2200157Ia 4500
008 251105s9999||||xx |||||||||||||||||und||
020 _a9789587713978
041 _aspa
100 _aCisneros, Andrés
245 0 _aPoder de la emoción en la inversión
264 _a[Bogotá, Colombia] :
_bEcoe Ediciones,
_c2016
300 _a184 páginas
650 _aEconomics and Business
856 _uhttps://public.digitaliapublishing.com/a/103002
942 _cCF
999 _c96227
_d96227